| 000 | 00000nam##2200000za#4500 |
| 001 | 9.602824 |
| 003 | CaOODSP |
| 005 | 20240212134142 |
| 007 | cr ||||||||||| |
| 008 | 150406|1996||||xxc|||||o f|0| 0 fre|d |
| 040 | |aCaOODSP|bfre |
| 043 | |an-cn--- |
| 086 | 1 |aNE22-1/1996-13F-PDF |
| 110 | 1 |aCanada. |bOffice national de l'énergie. |
| 245 | 10|aMotifs de décision relativement à Westcoast Energy Inc. : |h[ressource électronique]|bdemande datée du 15 janvier 1996, dans sa version modifiée, visant l'acquisition d'installations, l'obtention d'un certificat en vue de les exploiter et la détermination de la méthode de conception des droits s'y rapportant |
| 246 | 1 |iTitre de renvoi : |aWestcoast Energy Inc. |
| 260 | |aCalgary - Alberta : |bOffice national de l'énergie |cJuillet 1996. |
| 300 | |a42p.|bcartes, tableaux |
| 490 | 1 |aMotifs de décision|vMH-2-96 |
| 500 | |aLe nº de catalogue (NE22-1/1996-13F) et l'ISBN (0-662-81416-9) de l'édition imprimée ont été incorrectement copiés dans cette édition électronique. |
| 590 | |a12-07-Supp|b2012-03-09 |
| 775 | 08|tReasons for decision in the matter of Westcoast Energy Inc. : |w(CaOODSP)9.572477 |
| 776 | 0#|tRelativement à Westcoast Energy Inc. : |w(CaOODSP)9.623978 |
| 830 | #0|aMotifs de décision (Canada. Office national de l'énergie)|vMH-2-96|w(CaOODSP)9.500899 |
| 856 | 40|ahttp://publications.gc.ca|qPDF|s161 Ko|uhttps://publications.gc.ca/collections/Collection/NE22-1-1996-13F.pdf|yMH-2-96 |